000 00361 a2200169 4500
001 188083
020 _a978-85-249-1278-8
040 _cMagnum
100 _aJose, Elias
240 1 0 _aBolo pra festa no céu
_lpor
245 1 0 _aBolo pra festa no céu
300 _a30
362 0 _a2007
440 1 _aCortez
697 _aLITERATURA INFANTO
942 _cBK
999 _c188083
_d188083